Essays of wisdom : (Record no. 153492)

MARC details
000 -LEADER
fixed length control field 00615nam a22001937a 4500
005 - DATE AND TIME OF LATEST TRANSACTION
control field 20180706123849.0
010 ## - LCCN (DPL NO)
LC control number ENG-123395
020 ## - INTERNATIONAL STANDARD BOOK NUMBER
Terms of availability 90.00
International Standard Book Number 10HE000061
035 ## - SYSTEM CONTROL NUMBER
System control number EN-106927
037 ## - SOURCE OF ACQUISITION
Source of stock number/acquisition DBAD/PUB
082 ## - DEWEY DECIMAL CLASSIFICATION NUMBER
Classification number 880
245 00 - TITLE STATEMENT
Title Essays of wisdom :
Statement of responsibility, etc ed. by Madhavi Moharil [and] Sudesh Bhowate
Remainder of title an anthology of english essays /
260 ## - PUBLICATION, DISTRIBUTION, ETC. (IMPRINT)
Place of publication, distribution, etc New Delhi
Name of publisher, distributor, etc S. Chand and Company
Date of publication, distribution, etc 2018
270 ## - ADDRESS
Address 7361, Ram Nagar,
City New Delhi
Postal code 110055
300 ## - PHYSICAL DESCRIPTION
Extent 80p.
Dimensions 21cm(pbk)
500 ## - GENERAL NOTE
General note It includes glossary and comprehension
700 ## - ADDED ENTRY--PERSONAL NAME
Personal name Bhowate, Sudesh
942 ## - ADDED ENTRY ELEMENTS (KOHA)
Source of classification or shelving scheme Dewey Decimal Classification
Item type English Books
Call number suffix ESS
Classification part 880
Holdings
Withdrawn status Lost status Not for loan Collection code Home library Current library Date acquired Source of acquisition Cost, normal purchase price Full call number Barcode Copy number Cost, replacement price Koha item type
    Not For Loan Non-fiction D.B.Act.Division Central Library 06/07/2018 DBAD/PUB 90.00 880 ESS EN-106927 1 90.00 English Books

© Delhi Public Library
Hit Counter
free hit counter